Principles of computer programming (Record no. 24200)

MARC details
000 -LEADER
fixed length control field 00404nam a2200157Ia 4500
082 ## - DEWEY DECIMAL CLASSIFICATION NUMBER
Classification number 681.31
Item number RAJ;1
100 ## - MAIN ENTRY--AUTHOR NAME
Personal name Rajaraman, V
245 #0 - TITLE STATEMENT
Title Principles of computer programming
250 ## - EDITION STATEMENT
Edition statement Ed.2
260 ## - PUBLICATION, DISTRIBUTION, ETC. (IMPRINT)
Place of publication New Delhi
Name of publisher Prentice Hall
Year of publication 1986
650 ## - SUBJECT ADDED ENTRY--TOPICAL TERM
Topical Term Computer programming
650 ## - SUBJECT ADDED ENTRY--TOPICAL TERM
Topical Term Flow charting
650 ## - SUBJECT ADDED ENTRY--TOPICAL TERM
Topical Term Fortran program
942 ## - ADDED ENTRY ELEMENTS (KOHA)
Koha item type Books
Holdings
Withdrawn status Lost status Damaged status Not for loan Home library Current library Date acquired Cost, normal purchase price Full call number Accession Number Koha item type
        RRII Library RRII Library 16/12/2021 32.00 681.31 RAJ;1 04884 Books